Ako ďalej v reforme

Nekomplexné riešenie reformy verejnej správy v roku 1996. Absencia diskusie a transparentnosti. Hlavné dôvody pre reformu a decentralizáciu verejnej správy na Slovensku. Úloha vlády v oblasti verejnej správy.

Salvato in:
Dettagli Bibliografici
Autore principale: Nižňanský, Viktor
Natura: Capitolo di libro
Lingua:slovacco
Soggetti:
Tags: Aggiungi Tag
Nessun Tag, puoi essere il primo ad aggiungerne!!

MARC

LEADER 00000naa a2200000 4500
001 r034147
005 20230825081832.3
041 0 |a slo 
044 |a SK 
245 1 0 |a Ako ďalej v reforme  |c Viktor Nižňanský 
520 |a Nekomplexné riešenie reformy verejnej správy v roku 1996. Absencia diskusie a transparentnosti. Hlavné dôvody pre reformu a decentralizáciu verejnej správy na Slovensku. Úloha vlády v oblasti verejnej správy. 
610 2 0 |a správa verejná 
610 2 0 |a reformy 
610 2 0 |a decentralizácia 
610 2 0 |a koncepcie 
610 2 0 |a vlády 
610 2 0 |a dohody asociačné 
610 2 0 |a Slovensko 
100 1 |a Nižňanský, Viktor